000 00993cam a2200241 4500
001 ABS63868
008 000000n2001 000 0 eng u
035 _a(Sirsi) u112337
100 _aRandall, B.
245 _aAge concern
260 _c2001
490 _aHousing
_vApril 2001, 40-41(2)
520 _aExamines the report, '"When a house is not a home", by Age Concern, which catalogues the housing problems of older people. Produces 10-point plan for their solution and appeals for politicians to listen to this influential section of the electorate. Descibes how approximately 1.5m older people are in poor housing conditions with those over 75 among the worst affected. With details of the ten point plan.
590 _aABS
650 _aHOUSING NEEDS
650 _aHOUSING CONDITIONS
650 _aELDERLY PEOPLE
650 _aHOUSING CORPORATION
650 _aPOLITICAL PARTIES
650 _aMODERNISATION PROGRAMMES
690 _aAffordable housing
_96215
942 _n0
999 _c66870
_d66870